000 00834naa a2200229 4500
005 20090611141945.0
008 080924t xxu||||| |||| 00| 0 eng d
010 _aENG-93952
020 _c130.00
_a9788179662328
035 _aEN-77485
037 _bDBAD / PUB
040 _adpl
_bEnglish
082 _a613.25
100 _aCate, Andrew
245 _a21 Secrets to weight loss success /
_cby Andrew Cate
260 _aChennai
_bEmerals Publishers
_c2008
270 _a15A, First Floor, Casa Major Road, Egmore,
_bChennai
_e600008
300 _a186p.
_c22cm(pbk)
650 _aWeight loss
942 _adpl
_cEN
_2ddc
_mCAT
_h613.25
999 _c27383
_d27383